书目信息 |
| 题名: |
中国土地退化与贫困问题研究
|
|
| 作者: | 王建武 著 | |
| 分册: | ||
| 出版信息: | 北京 新华出版社 2005.05 |
|
| 页数: | 204页 | |
| 开本: | 20cm | |
| 丛书名: | 中国城市化与区域可持续发展研究 | |
| 单 册: | ||
| 中图分类: | F301.21 | |
| 科图分类: | ||
| 主题词: | 农业经济学 | |
| 电子资源: | ||
| ISBN: | 7-5011-7097-5 | |
| 000 | 00678nam0 2200217 450 | |
| 001 | 0633418749 | |
| 005 | 20060109092210.02 | |
| 010 | @a7-5011-7097-5@dCNY33.00 | |
| 100 | @a20060109d2005 km y0chiy0120 ea | |
| 101 | 0 | @achi |
| 102 | @aCN@b110000 | |
| 200 | 1 | @a中国土地退化与贫困问题研究@Azhong guo tu di tui hua yu pin kun wen ti yan jiu@f王建武著@Fwang jian wu zhu |
| 210 | @a北京@c新华出版社@d2005.05 | |
| 215 | @a204页@d20cm | |
| 225 | 2 | @a中国城市化与区域可持续发展研究 |
| 410 | 0 | @12001 @a中国城市化与区域可持续发展研究 |
| 606 | 0 | @a农业经济学 |
| 690 | @aF301.21@v3 | |
| 701 | 0 | @a王建武@Awang jian wu@4著 |
| 801 | 0 | @aCN@bPFT@c20060109 |
| 905 | @a10447@dF301.21@eW220 | |
| 中国土地退化与贫困问题研究/王建武著.-北京:新华出版社,2005.05 |
| 204页;20cm.-(中国城市化与区域可持续发展研究) |
| ISBN 7-5011-7097-5:CNY33.00 |
| ● |
| 相关链接 |
|
|
|
正题名:中国土地退化与贫困问题研究
索取号:F301.21/W220
 
预约/预借
| 序号 | 登录号 | 条形码 | 馆藏地/架位号 | 状态 | 备注 |
| 1 | 442548 | 204425489 | 社科库409/409社科库 32排4列5层/ [索取号:F301.21/W220] | 在馆 | |
| 2 | 442549 | 204425498 | 社科库409/409社科库 32排4列5层/ [索取号:F301.21/W220] | 在馆 | |
| 3 | 442550 | 204425504 | 社科库409/409社科库 32排4列5层/ [索取号:F301.21/W220] | 在馆 |